000 00658nam a2200229Ia 4500
003 OSt
005 20230516140326.0
008 210423s2010 xx 000 0 und d
020 _a978-1-107-40003-0
040 _cAL
041 _aeng
082 _a420.76 ALDL
100 _aALDERSON (J Charles);CLAPHAM (Caroline);WALL (Dianne)
_9105297
245 _aLanguage test construction and evaluation
260 _aNew York
_bCambridge University Press
_c2010
300 _a310
_bPB
365 _b340
_cINR
650 _aEnglish Language
_9105298
650 _aLanguage
_9105299
906 _aconstruction ; evaluation ; Language ; test
942 _2ddc
_cBK
999 _c166356
_d166356